zpět

Detail výsledku týmu

U Lucerny ST, Brno

Datum a čas kvízu

31 Celkem bodů Celkový počet nahraných bodů na tomto kvízu bez doplňovacích otázek.
6. Pořadí na kvízu Konečné umístění týmu na tomto kvízu.

Zaznamenané odpovědi

# Otázka Odpověď Body Výsledky
1. O víkendu se na letišti v Ostr... 20. ročník 0
2. Blízko slovinského města Sevni... Melania Trumpová 1
3. Jistá 26letá česká zpěvačka, z... Markéta Konvičková 1
4. Cena Ig Nobel Prize, tedy jaká... helium 1
5. V minulém týdnu odstartoval no... Vítkovice a Litvínov 0
6. Po dějinách Ukrajiny, které js... Arpádovci 0
7. Jak se nazývá město v jižním M... Moháč 1
8. V rámci Pařížské mírové konfer... Trianonská smlouva 0
9. Období mezi lety 1969–1989 v M... János Kádár 0
10. Napište šestipísmennou zkratku... Fidesz 0